| 000 | 00799nam a2200229 i 4500 | ||
|---|---|---|---|
| 001 | 133474 | ||
| 003 | ES-MaACL | ||
| 005 | 20230906194423.0 | ||
| 007 | t| | ||
| 008 | 070816s1998 fr ||||1| fre d | ||
| 020 | _a2-7082-3376-9 | ||
| 080 | _a956.94"1948/..." | ||
| 100 | 1 |
_aVidal, Dominique. _9114420 |
|
| 245 | 1 | 3 |
_aLe péché originel d'Israel _b: l'expulsion des palestiens revisitée par les "nouveaux historiens" israéliens / _cDominique Vidal avec Joseph Algazy. |
| 260 |
_aParis : _bLes Éditions de l'Atelier : _bLes Éditons Ouvrières, _c[1998] |
||
| 300 |
_a207 p. ; _c22 cm. |
||
| 500 | _aBiblioteca Jacinto Martínez Lacalle. | ||
| 610 |
_aIsrael- _xHistoria. _9219949 |
||
| 700 | 1 |
_aAlgazy, Joseph. _919888 |
|
| 852 |
_aES-MaACL _jE-11956 _bR.139875 |
||
| 999 |
_c133474 _d133474 |
||